=LDR 00000nam 2200000 4500 =001 INLIS000000000038794 =005 20130612144444 =008 ***********************************Ind** =035 ##$$a0010-061300000038794 =041 ##$$a Ind =082 ##$$a 364.132 302 6 =090 ##$$a 364.132 302 6, Ind u =245 ##$$a Undang-undang pemberantasantindak pidana, koreksi dan penjelasannya =260 ##$$a 2011 $b Jakarta =300 ##$$a 264 hlm., 20 cm =650 ##$$a Korupsi, Undang-undang =850 ##$$a NBPNMAT =990 ##$$a 92338/BPAP-NTB/2014